000 01679ata a2200529 4500
005 20250623113254.0
008 150611b2008 xxu||||| |||| 00| | spa d
020 _a9786071511447
041 _aEspañol
082 _a658.404 SA241p6
100 _aSapag Chain, Nassir
_9808
100 _aSapag Chain, Reinaldo
_9809
100 _aSapag Puelma, José Manuel
_95802
245 _aPreparación y evaluación de proyectos
250 _a6 edición
260 _aMéxico
260 _bMcGraw-Hill
260 _c2008
300 _a354 páginas
490 _aDirección y Administración de Empresas
650 _aGERENCIA DE PROYECTOS
650 _aPREPARACIÓN Y EVALUACIÓN DE PROYECTOS
650 _aIDENTIFICACIÓN DE OPORTUNIDADES DE NEGOCIOS
650 _aADMINISTRACIÓN DE PROYECTOS
650 _aPROCESO DE PREPARACIÓN DE EVALUACIÓN DE PROYECTOS
650 _aESTUDIO DE MERCADO
650 _aTÉCNICAS DE PROYECCIÓN DEL MERCADO
650 _aESTRUCTURA DE MERCADOS
650 _aESTUDIO FINANCIEROS
650 _aESTUDIO DE MERCADO
650 _aPROYECCIONES DEL MERCADO
650 _aESTIMACIÓN DE COSTOS
650 _aDETERMINACIÓN DEL TAMAÑO
650 _aDECISIONES DE LOCALIZACIÓN
650 _a LOCALIZACIÓN DE PROYECTOS
650 _aORGANIZACIÓN DEL PROYECTO
650 _aINVERSIONES DEL PROYECTO
650 _aBENEFICIOS DEL PROYECTO
650 _aCRITERIOS DE EVALUACIÓN DE PROYECTOS
650 _aFLUJOS DE CAJA
650 _aOPORTUNIDADES
650 _aCOSTOS
650 _aCOSTO DE CAPITAL
650 _aANALISIS DE RIESGO
650 _aEVALUACION SOCIAL DE PROYECTOS
942 _cBK
_2ddc
999 _c7363
_d7363